000 00725nam a2200289Ia 4500
005 20260324111956.0
008 008 260324s9999 xx 000 0 eng d
020 _a9781003512653
037 _aEBOOK
040 _aCRL
040 _beng
040 _cCRL
041 _2eng
041 _aeng
084 _qCRL
100 _aSarah Paquette; Julien Chopin; Francis Fortin
_91140785
245 0 _aOnline Sexual Crimes, Offenders, and Victims
245 0 _bTheory, Research, and Practice
260 _bTaylor and Francis
260 _c2025
365 _a
365 _b230
856 _uhttp://www.taylorfrancis.com/books/9781003512653
942 _cEBOOK
999 _c1729799
_d1729799